Японский речевой этикет: учебное пособие

Dades bibliogràfiques
Autor principal: Васина Н. И. Нина Ивановна
Sumari:Пособие предназначено для развития навыков общения в ситуациях представления, обращения с просьбой, приветствия и прощания, вручения подарков, разговора по телефону, а также во время визита, приема, путешествия и др. Рекомендуется для продвинутого этапа изучения японского языка.К пособию прилагается лингафонный курс.
Idioma:rus
japonès
Publicat: Москва, Муравей, 2003
Matèries:
Format: MixedMaterials Llibre
KOHA link:https://koha.lib.tpu.ru/cgi-bin/koha/opac-detail.pl?biblionumber=318545

MARC

LEADER 00000nam0a2200000 4500
001 318545
005 20231102003104.0
010 |a 5897371083 
035 |a (RuTPU)RU\TPU\book\344043 
090 |a 318545 
100 |a 20160427d2003 m y0rusy50 ca 
101 0 |a rus  |a jpn 
102 |a RU 
105 |a a j 000zy 
200 1 |a Японский речевой этикет  |e учебное пособие  |f Н. И. Васина 
210 |a Москва  |c Муравей  |d 2003 
215 |a 294 с. 
330 |a Пособие предназначено для развития навыков общения в ситуациях представления, обращения с просьбой, приветствия и прощания, вручения подарков, разговора по телефону, а также во время визита, приема, путешествия и др. Рекомендуется для продвинутого этапа изучения японского языка.К пособию прилагается лингафонный курс. 
606 1 |a Японский язык  |2 stltpush  |3 (RuTPU)RU\TPU\subj\21832  |9 46762 
610 1 |a общение 
610 1 |a речевое общение 
610 1 |a речевой этикет 
610 1 |a устная речь 
610 1 |a деловое общение 
610 1 |a телефонные переговоры 
686 |a Ш175.12  |v LBC/SL-A  |2 rubbk 
700 1 |a Васина  |b Н. И.  |g Нина Ивановна 
801 1 |a RU  |b 63413507  |c 20160427 
801 2 |a RU  |b 63413507  |c 20160505  |g RCR 
900 |a Японский язык 
942 |c BK